Quizzes
Events
Quiz Creation
Community
Videos
Private Events
Remove Ads
Sign In
Join for FREE
Feedback
Dark Mode
Quiz Categories
Sports
Geography
Music
Movies
Television
Just For Fun
Miscellaneous
History
Literature
Language
Science
Gaming
Entertainment
Religion
Holiday
For Kids
Quiz Lab
Recent
Popular Today
Quiz Kudos Today
Editor Picks
Curator Picks
Quizzes by...
Day
Popularity
Type
Ratings
Length
Year
Community
Subscriptions
Recent Discussions
Orange Saloon
Badges
Playlists
Quests
Create
Leaderboards
Showdown
Live 5
Trivia Bingo
Activity
Puzzle Library
Sporcle Events
Private Events
Virtual Trivia
Globe League
Become a Host
Pub Owners
SporcleCon
Opinionation
Our Games
Videos
Blog
Mobile Apps
Partnerships
Remove Ads and Go Orange
Feedback
Gaming
Video Games
Board Games
Card Games
Pokémon
Mario
Nintendo
Minecraft
Console
Toys
Legend of Zelda
Gaming
Video Games
Board Games
Card Games
Pokémon
Mario
Nintendo
Minecraft
Console
Toys
Legend of Zelda
Random Quiz
Search Sporcle
×
Quiz Lab
Quiz Lab
Gaming
Video Games
Type in answers that appear in a list
Type in answers that appear in a list
Classic
Best Score? Go Orange.
Signature Pokemon Moves Stats
Can you name the Unique Pokemon Moves?
By
elerico
12m
56 Questions
159 Plays
159 Plays
159 Plays
Comments
Comments
Give Quiz Kudos
Give Quiz Kudos
-
- Ratings
hide this ad
Replay
Link that replays current quiz
Next Quiz
Link to next quiz in quiz playlist
You Got
0%
They Got
Avg Score
63%
Avg Friend Score
Upgrade to see
Score Distribution
Jump to the score distribution portion of the page
Score
0/56
Timer
12:00
0
Plays Today
Pokemon/family that learns it
Move
% Correct
Meowth
Payday
96.2%
Cubone/
Marowak
Bonemerang
88.1%
Ho-
Oh
Sacred Fire
87.4%
Delibird
Present
86.8%
Cubone/
Marowak
Bone Club
84.9%
Smeargle
Sketch
83.6%
Miltank
Milk Drink
83.6%
Lugia
Aeroblast
82.4%
Pichu/
Pikachu/
Raichu
Volt Tackle
81.8%
Chansey/
Blissey
Softboiled
79.9%
Octillery
Octazooka
79.2%
Porygon/
Porygon2/
Porygon-
Z
Conversion
78.6%
Smoochum/
Jynx
Lovely Kiss
78%
Hitmontop
Triple Kick
77.4%
Vespiquen
Attack Order
77.4%
Porygon/
Porygon2/
Porygon-
Z
Conversion 2
75.5%
Kadabra/
Alazakam
Kinesis
74.8%
Chatot
Chatter
74.2%
Vespiquen
Defend Order
73%
Vespiquen
Heal Order
72.3%
Spheal/
Sealeo/
Walrein
Ice Ball
68.6%
Jirachi
Doom Desire
68.6%
Darkrai
Dark Void
64.2%
Latias
Mist Ball
61.6%
Latios
Luster Purge
61.6%
Klink/
Klang/
Klinklang
Gear Grind
61.6%
Cobalion/
Terrakion/
Virizion/
Keldeo
Sacred Sword
61.6%
Exeggute/
Exeggutor
Barrage
61%
Pokemon/family that learns it
Move
% Correct
Makuhita/
Hariyama
Smellingsalt
61%
Deoxys
Psycho Boost
59.7%
Giratina
Shadow Force
59.7%
Arceus
Judgment
58.5%
Victini
V-create
57.9%
Shaymin
Seed Flare
57.2%
Joltik/
Galvantula
Electro Web
57.2%
Manaphy
Heart Swap
56.6%
Mewtwo
Psystrike
54.7%
Zekrom
Fusion Bolt
54.1%
Sawsbuck
Horn Leech
53.5%
Bouffalant
Head Charge
52.8%
Cresselia
Lunar Dance
52.2%
Reshiram
Blue Flare
51.6%
Regigigas
Crush Grip
50.3%
Minccino/
Cinccino
Tail Slap
50.3%
Reshiram
Fusion Flare
50.3%
Meloetta
Relic Song
50.3%
Tepig/
Pignite/
Emboar
Heat Crash
48.4%
Volcarona
Fiery Dance
48.4%
Kyurem
Glaciate
47.8%
Heatran
Magma Storm
47.2%
Hitmonlee
Mega Kick
46.5%
Zekrom
Bolt Strike
42.8%
Klink/
Klang/
Klinklang
Shift Gear
42.1%
Victini
Searing Shot
42.1%
Throh
Storm Throw
37.7%
Zorua/
Zoroark
Night Daze
35.8%
Quiz Playlist
Details
Report
Send in Message
Add To Playlist
Classic:
Type in answers that appear in a list
Last Updated: Feb 16, 2017
Quiz Scoreboard
CHALLENGE
Sign Up to Join the Scoreboard
Show All
Scores
Hide
Comments
May contain spoilers
Recently Published
Alphabetical 'K' Countries by Flag Minefield
by ylime102
Geography
3m
Pick 6: Fruits
by JohnFran
Miscellaneous
15s
Click the 1999 NBA Draft
by nibperrychub
Sports
2m
More to Explore
Quiz From the Vault
Featured Blog Post
15 Basketball Trivia Facts You Can Be March Mad About
hide this ad
You Might Also Like...
Tags
Nintendo Quiz
Pokémon Quiz
Video Games Quiz
attack
Nintendo Games
rpg
Today's Top Quizzes in Gaming
Browse Gaming
hide this ad
Today's Top Quizzes in Video Games
Browse Video Games
Top Contributed Quizzes in Gaming
1
Pokémon Gen IV Logic Puzzle (HARD)
2
HARD Pokemon Logic Puzzle
3
Honkai: Star Rail Technique Names Quiz
4
Order Genshin Impact characters by release date!
5
Stardew Valley Logic Puzzle
6
Genshin Impact Logic Puzzle Quiz
7
Danganronpa 1 Logic Puzzle
8
Pokémon Logic Puzzle (DIFFICULT)
9
Kingdom Hearts Logic Puzzle
10
Genshin Impact Logic Puzzle
Explore More
Trending Topics
NBA
Crossword
Kpop
Anime
Marvel
Disney
Harry Potter
Song
The Office
Pokémon
NFL
Country
Soccer
Puzzle
WWE
hide this ad
More By:
elerico
Quiz
Plays
Rating
Category
Featured
Created
Signature Pokemon Moves
159
3.00
Gaming
Oct 11, 2011
Go to Creator's Profile
Score Distribution
Quiz Creator Spotlight
elerico
Follow
Send a Message
Quizzes Created
-
Created Quiz Play Count
-
More By This Creator
Popular Quizzes Today
1
Countries of Asia Without Outlines Minefield
2
Find the US States - No Outlines Minefield
3
Pick 6: Fruits
4
Alphabetical 'K' Countries by Flag Minefield
5
The Countries of the World
6
Find the US States
7
US States
8
Match the Book to the Film X
More Gaming Quizzes
100 Random Video Games (2000's)
Quiz Lab
Trending Quizzes
Pick 6: Mountains
Pick 6: Harry Potter
Pick 6: NFL Teams
Pick 6: Movie Franchises
Pick 6: Golfers
Recently Updated
NWSL Teams
pecheneg
Women's Final Four Teams by Year
bhenderson79
Presidents Quartet II
eogle
Anything But Clue(do)
eogle
Anything But Oceanian Capitals
eogle
Anything But 7
eogle
Anything But Thing
eogle
Word Ladder: February 29
pecheneg
Song Title Questions
pecheneg
Women's NCAA Tournament #1 Seeds
pecheneg
Trending Topics
Disney
Kpop
Marvel
Anime
Crossword
NBA
Harry Potter
NFL
Soccer
Puzzle
Song
The Office
Pokémon
WWE
Country
Your Account Isn't Verified!
In order to create a playlist on Sporcle, you need to verify the email address you used during registration. Go to your
Sporcle Settings
to finish the process.
Report this User
Report this user for behavior that violates our
Community Guidelines
.
Details:
Send Report
Go to the Sporcle.com Mobile Site →
Comments